000
00330pam a2200157a 44500
008
230515b1901 xxu||||| |||| 00| 0 eng d
020
_a
0
041
_a
ENGLISH
082
_a
0 GOU
100
_a
GOUD DAMODAR SHARMA
245
_a
ABINAV SHARIR
250
_a
0
260
_a
NULL
_b
N.D.
_c
1901
300
_a
0
650
_a
N.D.
999
_c
484184
_d
484184